| 000 | 00476cam a2200193ua 4500 | ||
|---|---|---|---|
| 020 | _c35.00 | ||
| 041 |
_aeng _h |
||
| 082 |
_a297 _bGIB/IS |
||
| 100 | _aGibb, H.A.R . | ||
| 245 |
_aIslamic society and the west Vol 1 / _cH.A.R.Gibb. _hTextual Documents |
||
| 250 |
_a1 / _b. |
||
| 260 |
_aLondon : _bOxford University Press , _c1962. |
||
| 300 | _a285 ; . | ||
| 365 | _a35.00 | ||
| 504 | _a | ||
| 700 | 1 | _aBowen, Harold . | |
| 942 | _cBK | ||
| 999 |
_c1897 _d1897 |
||